| 000 | 00588nam a22002177a 4500 | ||
|---|---|---|---|
| 003 | UA-OsUOA | ||
| 001 | 106096 | ||
| 007 | ta | ||
| 008 | 20140505b un ||||| |||| 00| 0 ukr d | ||
| 100 | _aГрабовський С. | ||
| 090 | _a32 | ||
| 942 | _cSA | ||
| 040 |
_aUA-OsUOA _bukr _cUA-OsUOA _dUA-OsUOA |
||
| 245 | _aТрагедія втрачених шансів. Крим-1918: українські й кримськотатарські сюжети | ||
| 300 | _aС.8 | ||
| 955 | _a0 | ||
| 041 | _aukr | ||
| 080 | _a32 | ||
| 773 | 0 | _w106095 | |
| 650 | 7 |
_a32 Політика _2UDC |
|
| 999 |
_c392051 _d392051 |
||